[Event "Titled Tuesday intern op 23rd Apr Late"]
[Site "Chess.com INT"]
[Date "2024.04.23"]
[Round "10"]
[White "Seletsky, Grigory"]
[Black "Jelcic, Marko"]
[Result "1-0"]
[WhiteElo "2214"]
[BlackElo "2182"]
[PlyCount "127"]
[EventDate "2024.04.23"]
[EventType "swiss (blitz)"]
[EventRounds "11"]
[EventCountry "USA"]
[SourceTitle "CB18_2024"]
[SourceDate "2024.05.01"]
[SourceVersion "1"]
[SourceVersionDate "2024.05.01"]
[SourceQuality "2"]

1. e4 e5 2. Nf3 Nc6 3. Bb5 a6 4. Bxc6 dxc6 5. d4 exd4 6. Qxd4 Qxd4 7. Nxd4 Bc5 8. Be3 Nf6 9. f3 0-0 10. Nc3 Rd8 11. 0-0-0 Bb4 12. Nde2 Be6 13. Rxd8+ Rxd8 14. Rd1 Rxd1+ 15. Kxd1 h5 16. a3 Be7 17. Nf4 Bd7 18. Nd3 Be8 19. Bf4 Bd8 20. h4 b6 21. Nb4 a5 22. Na6 Nd7 23. g3 f6 24. Bxc7 Bxc7 25. Nxc7 Bf7 26. b4 axb4 27. axb4 Ne5 28. f4 Nc4 29. Ke2 Kh7 30. b5 cxb5 31. N3xb5 g5 32. c3 Kg6 33. Nd4 gxh4 34. gxh4 Nd6 35. Kf3 Bc4 36. Nd5 Bd3 37. Nxb6 Bxe4+ 38. Ke3 Bh1 39. c4 Nf5+ 40. Nxf5 Kxf5 41. Nd5 Ke6 42. Kd4 Bg2 43. Ne3 Ba8 44. Kc5 Kd7 45. Nf5 Bf3 46. Nd4 Bg4 47. Kd5 Kc7 48. c5 Kd7 49. c6+ Kc7 50. Kc5 Bh3 51. Nb5+ Kc8 52. Kd6 Kd8 53. Nc3 Ke8 54. Nd5 Kf7 55. c7 Kg6 56. Ne3 Bc8 57. Ke7 Ba6 58. f5+ Kg7 59. Kd8 Kf7 60. Nd5 Bb7 61. c8Q Bxc8 62. Kxc8 Ke8 63. Kc7 Kf7 64. Kd7 1-0

[Event "Titled Tuesday intern op 13th Feb Late"]
[Site "Chess.com INT"]
[Date "2024.02.13"]
[Round "6"]
[White "Gritsenko, Nikolai"]
[Black "Jelcic, Marko"]
[Result "1-0"]
[WhiteElo "2309"]
[BlackElo "2209"]
[PlyCount "77"]
[EventDate "2024.02.13"]
[EventType "swiss (blitz)"]
[EventRounds "11"]
[EventCountry "USA"]
[SourceTitle "CB08_2024"]
[SourceDate "2024.02.21"]
[SourceVersion "1"]
[SourceVersionDate "2024.02.21"]
[SourceQuality "1"]

1. d4 Nf6 2. Bg5 Ne4 3. h4 h6 4. Bf4 c5 5. dxc5 Qa5+ 6. Nd2 Nc6 7. c3 Nxd2 8. b4 Qa3 9. Qxd2 g6 10. Rb1 Bg7 11. Rb3 Qa4 12. Nf3 b5 13. e3 a5 14. bxa5 Rxa5 15. Be2 Qxa2 16. Qd1 Qa4 17. 0-0 0-0 18. Bg3 Bb7 19. Nd4 Nxd4 20. cxd4 Bd5 21. Rxb5 Qxd1 22. Rxd1 Ra2 23. Bf3 Bxf3 24. gxf3 Ra7 25. Rdb1 Rd8 26. Rb7 Rda8 27. Rb8+ Kh7 28. Rxa8 Rxa8 29. Rb7 Ra1+ 30. Kg2 d6 31. cxd6 exd6 32. Rxf7 Kg8 33. Rd7 d5 34. Rxd5 Kf7 35. Rd7+ Kg8 36. Be5 Bf8 37. f4 Ra5 38. Rc7 Ra6 39. Kf3 1-0

[Event "Titled Tuesday intern op 23rd Jan Late"]
[Site "Chess.com INT"]
[Date "2024.01.23"]
[Round "3"]
[White "Fedoseev, Vladimir1"]
[Black "Jelcic, Marko"]
[Result "1-0"]
[WhiteElo "2690"]
[BlackElo "2209"]
[PlyCount "55"]
[EventDate "2024.01.23"]
[EventType "swiss (blitz)"]
[EventRounds "11"]
[EventCountry "USA"]
[SourceTitle "CB05_2024"]
[SourceDate "2024.01.31"]
[SourceVersion "1"]
[SourceVersionDate "2024.01.31"]
[SourceQuality "1"]

1. e4 c5 2. c3 g6 3. d4 cxd4 4. cxd4 d5 5. e5 Nc6 6. Nc3 Nh6 7. Bb5 Bg7 8. Nge2 0-0 9. 0-0 f6 10. exf6 exf6 11. Nf4 Nf5 12. Be3 Nxe3 13. fxe3 Ne7 14. Qf3 a6 15. Ba4 b5 16. Bb3 Kh8 17. Ncxd5 Bb7 18. e4 Qd6 19. Nxe7 Qxe7 20. Nxg6+ hxg6 21. Qh3+ Bh6 22. Qxh6+ Qh7 23. Qxh7+ Kxh7 24. d5 Rae8 25. Rac1 Re7 26. d6 Rg7 27. e5 f5 28. e6 1-0

[Event "Titled Tuesday intern op 23rd Jan Late"]
[Site "Chess.com INT"]
[Date "2024.01.23"]
[Round "4"]
[White "Jelcic, Marko"]
[Black "Senthil, Maran K"]
[Result "0-1"]
[WhiteElo "2209"]
[BlackElo "2275"]
[PlyCount "58"]
[EventDate "2024.01.23"]
[EventType "swiss (blitz)"]
[EventRounds "11"]
[EventCountry "USA"]
[SourceTitle "CB05_2024"]
[SourceDate "2024.01.31"]
[SourceVersion "1"]
[SourceVersionDate "2024.01.31"]
[SourceQuality "1"]

1. e4 c6 2. d4 d5 3. e5 Bf5 4. h4 h5 5. Bg5 Qa5+ 6. Nc3 e6 7. Bd3 Bxd3 8. Qxd3 c5 9. Nge2 Nc6 10. 0-0 Nh6 11. Bxh6 gxh6 12. Rfe1 0-0-0 13. a4 Be7 14. g3 Rdg8 15. Kh2 Rg4 16. dxc5 Rhg8 17. Kh3 Bxh4 18. gxh4 Qd8 19. Ng3 Qxh4+ 20. Kg2 Qg5 21. Kf1 h4 22. Nh1 Nxe5 23. Qe3 Rg1+ 24. Ke2 Qh5+ 25. f3 R1g2+ 26. Nf2 R8g3 27. c6 Rxf3 28. cxb7+ Kxb7 29. Qc5 Rfxf2+ 0-1

[Event "Titled Tuesday intern op 24th Oct Late"]
[Site "Chess.com INT"]
[Date "2023.10.24"]
[Round "10"]
[White "Becerra, Juan David"]
[Black "Jelcic, Marko"]
[Result "1-0"]
[WhiteElo "2322"]
[BlackElo "2201"]
[PlyCount "107"]
[EventDate "2023.10.24"]
[EventType "swiss (blitz)"]
[EventRounds "11"]
[EventCountry "USA"]
[SourceTitle "Mega2024 Update 01"]
[Source "Chessbase"]
[SourceDate "2023.11.12"]
[SourceVersion "1"]
[SourceVersionDate "2023.11.12"]
[SourceQuality "1"]

1. d4 c6 2. Nc3 g6 3. Bf4 Bg7 4. Nf3 d5 5. e3 Qb6 6. a3 Bf5 7. Bd3 Bxd3 8. cxd3 Qxb2 9. Na4 Qb5 10. 0-0 Nd7 11. Rb1 Qa6 12. e4 Ngf6 13. e5 Nh5 14. Bg5 h6 15. Be3 g5 16. Re1 e6 17. Bd2 Bf8 18. Bb4 Nf4 19. Nc5 Bxc5 20. Bxc5 Nxd3 21. Bd6 Nxe1 22. Qxe1 0-0-0 23. Qc1 Nb6 24. Nd2 Nc4 25. Nxc4 Qxc4 26. Qb2 Qa6 27. Qb3 Rxd6 28. exd6 Rd8 29. Qf3 Rxd6 30. Qxf7 b6 31. Qf8+ Kc7 32. Qe7+ Rd7 33. Qxe6 Qxa3 34. Qe5+ Qd6 35. Qe2 Kb7 36. Ra1 a5 37. Qb2 c5 38. Rxa5 c4 39. Ra3 Qc6 40. Qa2 Kc7 41. Ra7+ Kd8 42. Ra8+ Ke7 43. Qe2+ Qe6 44. Re8+ Kxe8 45. Qxe6+ Re7 46. Qc6+ Kf7 47. Qxd5+ Kg6 48. f4 gxf4 49. Qd6+ Kf7 50. Qxf4+ Kg6 51. Qd6+ Kf7 52. Qxb6 Rd7 53. Qc5 Re7 54. Qxc4+ 1-0

[Event "Titled Tuesday intern op 16th May Early"]
[Site "Chess.com INT"]
[Date "2023.05.16"]
[Round "5"]
[White "Belov, Alexei"]
[Black "Jelcic, Marko"]
[Result "1-0"]
[WhiteElo "2421"]
[BlackElo "2201"]
[PlyCount "59"]
[EventDate "2023.05.16"]
[EventType "swiss (blitz)"]
[EventRounds "11"]
[EventCountry "USA"]
[SourceTitle "CBM 214 Extra"]
[Source "ChessBase"]
[SourceDate "2023.07.31"]
[SourceVersion "1"]
[SourceVersionDate "2023.07.31"]
[SourceQuality "1"]

1. e4 g6 2. d4 Bg7 3. Nc3 d6 4. f4 Nd7 5. Nf3 a6 6. a4 Ngf6 7. e5 dxe5 8. dxe5 Ng8 9. Bc4 e6 10. Be3 Ne7 11. Qe2 0-0 12. 0-0 b6 13. Rad1 Bb7 14. Ng5 Nf5 15. Nxe6 Qe7 16. Nxf8 Bxf8 17. Nd5 Bxd5 18. Bxd5 Rd8 19. Bf2 h5 20. Qxa6 Nc5 21. Qc4 Qe8 22. Bxf7+ Qxf7 23. Qxf7+ Kxf7 24. Rxd8 Nxa4 25. b3 Nc3 26. Rd7+ Be7 27. Rxc7 Ne2+ 28. Kh1 Nxf4 29. Bxb6 g5 30. Bc5 1-0

[Event "Titled Tuesday intern op 16th May Early"]
[Site "Chess.com INT"]
[Date "2023.05.16"]
[Round "9"]
[White "Hartikainen, Jarmo"]
[Black "Jelcic, Marko"]
[Result "0-1"]
[WhiteElo "2108"]
[BlackElo "2201"]
[PlyCount "62"]
[EventDate "2023.05.16"]
[EventType "swiss (blitz)"]
[EventRounds "11"]
[EventCountry "USA"]
[SourceTitle "CBM 214 Extra"]
[Source "ChessBase"]
[SourceDate "2023.07.31"]
[SourceVersion "1"]
[SourceVersionDate "2023.07.31"]
[SourceQuality "1"]

1. e4 g6 2. d4 Bg7 3. Nc3 d6 4. Be3 Nf6 5. Be2 0-0 6. g4 c5 7. d5 Qa5 8. Qd2 Nxg4 9. Bxg4 Bxg4 10. f3 Bd7 11. h4 h5 12. Nh3 Bxh3 13. Rxh3 Nd7 14. Bh6 Ne5 15. Bxg7 Kxg7 16. 0-0-0 b5 17. Nb1 Qxa2 18. f4 Nc4 19. Qc3+ Kh7 20. f5 Qa5 21. Rg1 Qxc3 22. Nxc3 b4 23. Ne2 a5 24. Nf4 Ne5 25. Rhg3 Ng4 26. Rxg4 hxg4 27. h5 g5 28. Ne2 a4 29. Kd2 a3 30. bxa3 bxa3 31. Ra1 Rfb8 0-1

[Event "Titled Tuesday intern op 16th May Early"]
[Site "Chess.com INT"]
[Date "2023.05.16"]
[Round "4"]
[White "Jelcic, Marko"]
[Black "Begunov, Konstantin"]
[Result "1-0"]
[WhiteElo "2201"]
[BlackElo "2325"]
[PlyCount "81"]
[EventDate "2023.05.16"]
[EventType "swiss (blitz)"]
[EventRounds "11"]
[EventCountry "USA"]
[SourceTitle "CBM 214 Extra"]
[Source "ChessBase"]
[SourceDate "2023.07.31"]
[SourceVersion "1"]
[SourceVersionDate "2023.07.31"]
[SourceQuality "1"]

1. c4 c6 2. e4 d5 3. exd5 cxd5 4. d4 Nf6 5. Nc3 Nc6 6. Nf3 e6 7. cxd5 Nxd5 8. Bd3 Be7 9. 0-0 Ncb4 10. Bb1 b6 11. Re1 Bb7 12. a3 Nxc3 13. bxc3 Nd5 14. Qd3 Rc8 15. c4 Ba6 16. Ne5 Qc7 17. Qg3 Bxc4 18. Qxg7 Bf6 19. Qh6 Bb5 20. Be4 Qc3 21. Be3 Nxe3 22. fxe3 Bxe5 23. dxe5 Qxe5 24. Bf3 Rg8 25. Rad1 Qg5 26. Qxh7 Bc6 27. Bxc6+ Rxc6 28. Qe4 Rc4 29. Qa8+ Ke7 30. Qb7+ Kf8 31. Rf1 Qg6 32. Rd8+ Kg7 33. Rxg8+ Kxg8 34. Qf3 Rc2 35. a4 Ra2 36. Qa8+ Kg7 37. Qc6 Re2 38. Kh1 Rxe3 39. a5 bxa5 40. Qb5 Re4 41. Qb2+ 1-0

[Event "Titled Tuesday intern op 16th May Late"]
[Site "Chess.com INT"]
[Date "2023.05.16"]
[Round "4"]
[White "Jelcic, Marko"]
[Black "Bjelobrk, Igor"]
[Result "1-0"]
[WhiteElo "2201"]
[BlackElo "2403"]
[PlyCount "41"]
[EventDate "2023.05.16"]
[EventType "swiss (blitz)"]
[EventRounds "11"]
[EventCountry "USA"]
[SourceTitle "CBM 214 Extra"]
[Source "ChessBase"]
[SourceDate "2023.07.31"]
[SourceVersion "1"]
[SourceVersionDate "2023.07.31"]
[SourceQuality "1"]

1. c4 c6 2. e4 d5 3. exd5 cxd5 4. d4 Nf6 5. Nc3 Nc6 6. Nf3 a6 7. cxd5 Nxd5 8. Bd3 Bg4 9. Qb3 Bxf3 10. gxf3 Ndb4 11. Bc4 e6 12. Be3 b5 13. Be2 Be7 14. a3 Na5 15. Qd1 Nd5 16. 0-0 0-0 17. Kh1 Rc8 18. Ne4 Nc4 19. Bxc4 Rxc4 20. Rg1 Kh8 21. Qd3 1-0

[Event "Titled Tuesday intern op 16th May Early"]
[Site "Chess.com INT"]
[Date "2023.05.16"]
[Round "11"]
[White "Jelcic, Marko"]
[Black "Gatterer, Florian"]
[Result "0-1"]
[WhiteElo "2201"]
[BlackElo "2170"]
[PlyCount "42"]
[EventDate "2023.05.16"]
[EventType "swiss (blitz)"]
[EventRounds "11"]
[EventCountry "USA"]
[SourceTitle "CBM 214 Extra"]
[Source "ChessBase"]
[SourceDate "2023.07.31"]
[SourceVersion "1"]
[SourceVersionDate "2023.07.31"]
[SourceQuality "1"]

1. c4 e5 2. Nc3 Nf6 3. g3 Bb4 4. Bg2 Bxc3 5. dxc3 0-0 6. e4 d6 7. Qc2 Be6 8. b3 a6 9. Ne2 b5 10. cxb5 axb5 11. 0-0 Nc6 12. Kh1 Qc8 13. f4 Bh3 14. f5 Bxg2+ 15. Kxg2 h6 16. h3 Qb7 17. Ng1 b4 18. Bd2 d5 19. exd5 Nxd5 20. c4 Nd4 21. Qe4 Ne3+ 0-1

[Event "Titled Tuesday intern op 16th May Early"]
[Site "Chess.com INT"]
[Date "2023.05.16"]
[Round "2"]
[White "Jelcic, Marko"]
[Black "Martin Fuentes, Alberto"]
[Result "0-1"]
[WhiteElo "2201"]
[BlackElo "2388"]
[PlyCount "72"]
[EventDate "2023.05.16"]
[EventType "swiss (blitz)"]
[EventRounds "11"]
[EventCountry "USA"]
[SourceTitle "CBM 214 Extra"]
[Source "ChessBase"]
[SourceDate "2023.07.31"]
[SourceVersion "1"]
[SourceVersionDate "2023.07.31"]
[SourceQuality "1"]

1. c4 Nf6 2. g3 c5 3. Bg2 Nc6 4. Nc3 d6 5. e4 g6 6. Nge2 Bg7 7. 0-0 0-0 8. d3 Bd7 9. h3 Ne8 10. Be3 Nc7 11. f4 Ne6 12. Qd2 Ned4 13. Kh2 Rb8 14. b3 a6 15. Rae1 b5 16. g4 bxc4 17. dxc4 a5 18. Nd5 Nxe2 19. Rxe2 a4 20. bxa4 Nd4 21. Bxd4 Bxd4 22. Qd3 Bxa4 23. Rb1 e6 24. Ne3 Rxb1 25. Qxb1 Qc7 26. Qd3 Rb8 27. Nc2 Bxc2 28. Rxc2 Qa5 29. Kg3 Qe1+ 30. Kf3 Rb1 31. Re2 Qg1 32. f5 g5 33. e5 Rf1+ 34. Bxf1 Qxf1+ 35. Kg3 Bxe5+ 36. Rxe5 Qxd3+ 0-1

[Event "Titled Tuesday intern op 16th May Late"]
[Site "Chess.com INT"]
[Date "2023.05.16"]
[Round "9"]
[White "Jelcic, Marko"]
[Black "Mazurkiewicz, Michal"]
[Result "0-1"]
[WhiteElo "2201"]
[BlackElo "2145"]
[PlyCount "118"]
[EventDate "2023.05.16"]
[EventType "swiss (blitz)"]
[EventRounds "11"]
[EventCountry "USA"]
[SourceTitle "CBM 214 Extra"]
[Source "ChessBase"]
[SourceDate "2023.07.31"]
[SourceVersion "1"]
[SourceVersionDate "2023.07.31"]
[SourceQuality "1"]

1. c4 Nf6 2. Nc3 g6 3. g3 Bg7 4. Bg2 0-0 5. Nf3 d6 6. 0-0 c5 7. d3 Nc6 8. Rb1 Rb8 9. a3 b6 10. b4 Bb7 11. Bd2 e6 12. b5 Nd4 13. e3 Nxf3+ 14. Bxf3 d5 15. cxd5 Nxd5 16. Nxd5 Bxd5 17. e4 Bb7 18. Bf4 Rc8 19. Qb3 Qd7 20. Rfd1 Rfd8 21. Be3 Bd4 22. Bg5 f6 23. Be3 Kg7 24. a4 e5 25. Kg2 h5 26. h4 Rc7 27. Qc4 Bc8 28. Bxd4 Qh3+ 29. Kg1 Rxd4 30. Qc2 Be6 31. Bg2 Qg4 32. Kh2 Bc8 33. Rbc1 Qe6 34. Ra1 g5 35. Qe2 gxh4 36. Qxh5 hxg3+ 37. Kxg3 Kf8 38. Qh8+ Ke7 39. Bh3 Qxh3+ 40. Qxh3 Bxh3 41. Kxh3 Rcd7 42. Ra3 c4 43. Kg2 cxd3 44. Rd2 Rxe4 45. Rdxd3 Rxd3 46. Rxd3 Rxa4 47. Rc3 Ke6 48. Rc6+ Kf5 49. Rc7 Ra5 50. Kf3 Rxb5 51. Rxa7 Rb3+ 52. Kg2 b5 53. Re7 b4 54. Kf1 Rb2 55. Ke1 b3 56. Rf7 Ra2 57. Rb7 b2 58. Kf1 Ra1+ 59. Kg2 b1R 0-1

[Event "Titled Tuesday intern op 16th May Early"]
[Site "Chess.com INT"]
[Date "2023.05.16"]
[Round "8"]
[White "Jelcic, Marko"]
[Black "Pham, Le Thao Nguyen"]
[Result "0-1"]
[WhiteElo "2201"]
[BlackElo "2369"]
[PlyCount "84"]
[EventDate "2023.05.16"]
[EventType "swiss (blitz)"]
[EventRounds "11"]
[EventCountry "USA"]
[SourceTitle "CBM 214 Extra"]
[Source "ChessBase"]
[SourceDate "2023.07.31"]
[SourceVersion "1"]
[SourceVersionDate "2023.07.31"]
[SourceQuality "1"]

1. c4 c6 2. e4 e5 3. Nc3 d6 4. d3 g6 5. g3 Bg7 6. Bg2 Ne7 7. Nge2 0-0 8. 0-0 Nd7 9. Be3 h6 10. f4 f5 11. Qd2 Kh7 12. Rae1 Nf6 13. Kh1 Ng4 14. Bg1 Be6 15. b3 Qd7 16. d4 fxe4 17. dxe5 dxe5 18. Qxd7 Bxd7 19. Nxe4 Bf5 20. h3 Bxe4 21. Bxe4 Nf6 22. Bg2 e4 23. Bd4 Neg8 24. Nc3 Nh5 25. Bxg7 Nxg3+ 26. Kg1 Kxg7 27. Rf2 Rae8 28. Kh2 e3 29. Rc2 Nf5 30. Be4 Nd4 31. Rg2 Rxe4 32. Nxe4 Nf3+ 33. Kh1 Nxe1 34. Re2 Nd3 35. Rxe3 Nxf4 36. Nc5 b6 37. Nd7 Rd8 38. Ne5 c5 39. Nc6 Rd7 40. Kh2 g5 41. h4 Nf6 42. hxg5 Ng4+ 0-1

[Event "Titled Tuesday intern op 16th May Late"]
[Site "Chess.com INT"]
[Date "2023.05.16"]
[Round "11"]
[White "Jelcic, Marko"]
[Black "Souza, Gustavo Horokoski"]
[Result "1-0"]
[WhiteElo "2201"]
[BlackElo "1953"]
[PlyCount "39"]
[EventDate "2023.05.16"]
[EventType "swiss (blitz)"]
[EventRounds "11"]
[EventCountry "USA"]
[SourceTitle "CBM 214 Extra"]
[Source "ChessBase"]
[SourceDate "2023.07.31"]
[SourceVersion "1"]
[SourceVersionDate "2023.07.31"]
[SourceQuality "1"]

1. c4 c5 2. Nc3 Nc6 3. Nf3 Nf6 4. d4 cxd4 5. Nxd4 g6 6. g3 Bg7 7. Bg2 0-0 8. 0-0 e5 9. Ndb5 a6 10. Nd6 Ne8 11. Be3 Nxd6 12. Qxd6 Qf6 13. Qxf6 Bxf6 14. Nd5 Bg7 15. Bc5 Rd8 16. Bb6 Rf8 17. Bc5 Rd8 18. Bd6 Bf8 19. Bc7 Re8 20. Nf6+ 1-0

[Event "Titled Tuesday intern op 16th May Early"]
[Site "Chess.com INT"]
[Date "2023.05.16"]
[Round "7"]
[White "Jelcic, Marko"]
[Black "Womacka, Mathias"]
[Result "0-1"]
[WhiteElo "2201"]
[BlackElo "2396"]
[PlyCount "42"]
[EventDate "2023.05.16"]
[EventType "swiss (blitz)"]
[EventRounds "11"]
[EventCountry "USA"]
[SourceTitle "CBM 214 Extra"]
[Source "ChessBase"]
[SourceDate "2023.07.31"]
[SourceVersion "1"]
[SourceVersionDate "2023.07.31"]
[SourceQuality "1"]

1. c4 c5 2. Nc3 Nf6 3. g3 d5 4. Bg2 d4 5. Nb1 e5 6. d3 Be7 7. Nf3 Nc6 8. 0-0 0-0 9. b4 cxb4 10. a3 Re8 11. axb4 Bxb4 12. Ba3 Bxa3 13. Rxa3 e4 14. dxe4 Nxe4 15. Nbd2 Nc3 16. Qc2 Rxe2 17. Rfa1 Bg4 18. h3 Bxf3 19. Bxf3 Re8 20. Ne4 Nb4 21. Qa4 Nxa4 0-1

[Event "Titled Tuesday intern op 09th May Late"]
[Site "Chess.com INT"]
[Date "2023.05.09"]
[Round "6"]
[White "Jelcic, Marko"]
[Black "Ansh, M Shah"]
[Result "0-1"]
[WhiteElo "2201"]
[BlackElo "2171"]
[PlyCount "100"]
[EventDate "2023.05.09"]
[EventType "swiss (blitz)"]
[EventRounds "11"]
[EventCountry "USA"]
[SourceTitle "CBM 214 Extra"]
[Source "ChessBase"]
[SourceDate "2023.07.31"]
[SourceVersion "1"]
[SourceVersionDate "2023.07.31"]
[SourceQuality "1"]

1. c4 Nf6 2. g3 e6 3. Bg2 d5 4. Nf3 dxc4 5. Na3 a6 6. Nxc4 b5 7. Nce5 Bb7 8. 0-0 Nbd7 9. Nxd7 Qxd7 10. Ne5 Qc8 11. Nc6 Bd6 12. Qc2 0-0 13. d3 Nd5 14. Bd2 Qd7 15. Rac1 Rae8 16. a3 Ba8 17. b4 Ne7 18. Be3 Nf5 19. Bd2 h6 20. Rfd1 Qc8 21. Bc3 Bb7 22. Bb2 Qa8 23. Qc3 f6 24. Qb3 Kh8 25. d4 Ne7 26. Qc2 Nd5 27. e4 Nb6 28. e5 Be7 29. Qe4 Nd5 30. Na5 f5 31. Qf3 Rc8 32. Nxb7 Qxb7 33. Rc2 Rfd8 34. Rdc1 c6 35. Qd1 Rc7 36. Bxd5 Rxd5 37. Qd3 Qb6 38. Qe3 Bg5 39. f4 Be7 40. Kg2 Rd8 41. Rd1 Qb7 42. Qf3 Rd5 43. Rdc1 Qb6 44. Ba1 Rd8 45. Bb2 Kg8 46. Rxc6 Rxc6 47. Qxc6 Qa7 48. Qxe6+ Kh8 49. Rc8 Qb7+ 50. d5 Qxc8 0-1

[Event "Titled Tuesday intern op 09th May Late"]
[Site "Chess.com INT"]
[Date "2023.05.09"]
[Round "4"]
[White "Jelcic, Marko"]
[Black "Ozates, Tuna"]
[Result "0-1"]
[WhiteElo "2201"]
[BlackElo "2251"]
[PlyCount "104"]
[EventDate "2023.05.09"]
[EventType "swiss (blitz)"]
[EventRounds "11"]
[EventCountry "USA"]
[SourceTitle "CBM 214 Extra"]
[Source "ChessBase"]
[SourceDate "2023.07.31"]
[SourceVersion "1"]
[SourceVersionDate "2023.07.31"]
[SourceQuality "1"]

1. c4 c5 2. g3 Nc6 3. Bg2 g6 4. Nc3 Bg7 5. e4 d6 6. Nge2 e5 7. 0-0 Be6 8. d3 Nge7 9. Be3 0-0 10. Qd2 Qd7 11. f4 f5 12. Nd5 Rae8 13. Rae1 Nd4 14. b3 Nec6 15. Nec3 fxe4 16. dxe4 exf4 17. gxf4 Bh3 18. Qf2 Bxg2 19. Qxg2 Nb4 20. Nxb4 cxb4 21. Nd5 a5 22. Kh1 Ne6 23. Bg1 Nc5 24. Bxc5 dxc5 25. e5 Kh8 26. Rd1 Qf5 27. Qf2 Bxe5 28. Qxc5 Qe4+ 29. Kg1 Bg7 30. Rfe1 Bd4+ 31. Qxd4+ Qxd4+ 32. Rxd4 Rxe1+ 33. Kf2 Ra1 34. Rd2 g5 35. Kg3 gxf4+ 36. Nxf4 Rf1 37. Rd4 Rg8+ 38. Kh3 Rf3+ 39. Kh4 Rf2 40. Kh3 Rxa2 41. Rd7 Ra3 42. Rxb7 Rxb3+ 43. Kh4 Rb2 44. h3 Rc2 45. Rc7 b3 46. Nd5 b2 47. Nf6 Rxc4+ 48. Rxc4 b1Q 49. Nxg8 Kxg8 50. Rg4+ Kf7 51. Rg5 a4 52. Rg4 a3 0-1

[Event "Titled Tuesday intern op 02nd May Late"]
[Site "Chess.com INT"]
[Date "2023.05.02"]
[Round "1"]
[White "Ballester Llagaria, Luis Eduardo"]
[Black "Jelcic, Marko"]
[Result "1-0"]
[WhiteElo "2298"]
[BlackElo "2201"]
[PlyCount "49"]
[EventDate "2023.05.02"]
[EventType "swiss (blitz)"]
[EventRounds "11"]
[EventCountry "USA"]
[SourceTitle "EXT 2024"]
[Source "ChessBase"]
[SourceDate "2023.10.10"]
[SourceVersion "1"]
[SourceVersionDate "2023.10.10"]
[SourceQuality "1"]

1. e4 g6 2. d4 Bg7 3. Nc3 d6 4. Be3 Nd7 5. f3 a6 6. Qd2 b5 7. h4 h5 8. Nh3 Bb7 9. Ng5 Ngf6 10. 0-0-0 0-0 11. g4 hxg4 12. h5 gxh5 13. fxg4 Nxg4 14. Rxh5 Nxe3 15. Qxe3 Nf6 16. Rh2 b4 17. e5 bxc3 18. exf6 cxb2+ 19. Kb1 exf6 20. Qh3 Re8 21. Nh7 Be4 22. Bd3 Bxd3 23. Qxd3 Qe7 24. Rg2 Qe4 25. Nxf6+ 1-0

[Event "Titled Tuesday intern op 02nd May Early"]
[Site "Chess.com INT"]
[Date "2023.05.02"]
[Round "3"]
[White "Jelcic, Marko"]
[Black "Harriott, Tyrell"]
[Result "1-0"]
[WhiteElo "2201"]
[BlackElo "1889"]
[PlyCount "95"]
[EventDate "2023.05.02"]
[EventType "swiss (blitz)"]
[EventRounds "11"]
[EventCountry "USA"]
[SourceTitle "EXT 2024"]
[Source "ChessBase"]
[SourceDate "2023.10.10"]
[SourceVersion "1"]
[SourceVersionDate "2023.10.10"]
[SourceQuality "1"]

1. c4 e6 2. g3 d5 3. Bg2 f5 4. Nf3 Nf6 5. cxd5 exd5 6. 0-0 Bd6 7. Nc3 f4 8. d4 fxg3 9. hxg3 0-0 10. Bg5 c6 11. Ne5 Nbd7 12. e4 dxe4 13. Nxe4 Nxe5 14. dxe5 Bxe5 15. Qb3+ Kh8 16. Rad1 Qb6 17. Nxf6 Qxb3 18. axb3 Bxf6 19. Bxf6 gxf6 20. Rfe1 Bg4 21. Rd4 Bh5 22. Rd7 Rf7 23. Ree7 Rxe7 24. Rxe7 Rb8 25. f4 Bg6 26. b4 Kg8 27. Kf2 Kf8 28. Rc7 Bc2 29. g4 h6 30. f5 Bd3 31. Rh7 Kg8 32. Rxh6 Kg7 33. Rg6+ Kf8 34. Rxf6+ Ke7 35. Re6+ Kd7 36. Rh6 Kc7 37. Rh3 Bc4 38. g5 Rg8 39. g6 Ba2 40. Be4 Rf8 41. Rf3 Re8 42. f6 Rxe4 43. f7 Rxb4 44. f8Q Rxb2+ 45. Kg3 Rb5 46. Rf5 Bd5 47. g7 Rb3+ 48. Kg4 1-0

[Event "Titled Tuesday intern op 02nd May Late"]
[Site "Chess.com INT"]
[Date "2023.05.02"]
[Round "10"]
[White "Jelcic, Marko"]
[Black "Krivenko, Dion"]
[Result "1-0"]
[WhiteElo "2201"]
[BlackElo "2100"]
[PlyCount "121"]
[EventDate "2023.05.02"]
[EventType "swiss (blitz)"]
[EventRounds "11"]
[EventCountry "USA"]
[SourceTitle "EXT 2024"]
[Source "ChessBase"]
[SourceDate "2023.10.10"]
[SourceVersion "1"]
[SourceVersionDate "2023.10.10"]
[SourceQuality "1"]

1. c4 e5 2. g3 Nc6 3. Bg2 Nf6 4. Nc3 Bc5 5. Nf3 d6 6. 0-0 0-0 7. d3 a6 8. a3 Ba7 9. b4 Bg4 10. Nd5 Nxd5 11. cxd5 Ne7 12. Nd2 Qd7 13. Bb2 Bh3 14. Rc1 Bxg2 15. Kxg2 Nxd5 16. Qb3 c6 17. e4 Ne7 18. f4 Qg4 19. Qd1 Qxd1 20. Rcxd1 f6 21. Nb3 Rfd8 22. d4 exd4 23. Bxd4 Bxd4 24. Rxd4 Kf7 25. Rfd1 g6 26. Rxd6 Ke8 27. Nc5 b6 28. Rxd8+ Rxd8 29. Rxd8+ Kxd8 30. Nxa6 Kc8 31. Kf3 Kb7 32. b5 cxb5 33. Nb4 Kc7 34. Ke3 Kd6 35. Kd4 Ng8 36. Nd5 Nh6 37. h3 f5 38. e5+ Kc6 39. Nf6 Nf7 40. Nxh7 Nd8 41. Ng5 Kd7 42. Kd5 Nb7 43. Ne6 Na5 44. Nd4 b4 45. axb4 Nb7 46. g4 fxg4 47. hxg4 Nd8 48. f5 gxf5 49. gxf5 Ke7 50. Nc6+ Nxc6 51. Kxc6 b5 52. Kxb5 Kf7 53. Kc6 Ke8 54. Kd6 Kd8 55. e6 Ke8 56. f6 Kf8 57. b5 Ke8 58. b6 Kd8 59. f7 Kc8 60. Kc6 Kd8 61. f8Q# 1-0